00529nam a22002057a 4500003000500000005001700005008004100022010001000063011001000073035001000083040000900093082001400102100001700116245003700133260004200170300003000212500003600242650002400278700002100302CHAP20220329140622.0971013s1973 r 00010 d a54858 a55830 a59983 cCHAP a581.5bW500aWillis, A.J. aIntroduction to plant ecology... aLondon :bGeorge Allen & Unwin,c1973 a237 p.b: ilus. ; láms. aEd. original por Arthur Tansley14aEcología vegetal.0 aTansley, Arthur.